| 000 | 01261nam a2200385 i 4500 | ||
|---|---|---|---|
| 001 | 9365 | ||
| 003 | KOSZ 005 | ||
| 005 | 20191210101620.0 | ||
| 008 | 960606s1976 pl f |000 0 pol d | ||
| 040 |
_cKOSZ 005 _aKOSZ 005 _dKOSZ 005/HR |
||
| 041 | _apol | ||
| 046 | _k1976 | ||
| 080 | _a628.8 | ||
| 080 | _a697 | ||
| 245 | 0 | 0 |
_aOgrzewanie i wentylacja / _cred. nauk. Joanna Szymańska-Matosek. |
| 260 |
_aWarszawa : _b"Arkady", _c1976. |
||
| 300 |
_a149, [3] strony : _bfotografie, rysunki, wykresy ; _c24 cm. |
||
| 336 |
_2rdacontent _aTekst _btxt |
||
| 337 |
_2rdamedia _aBez urządzenia pośredniczącego _bn |
||
| 338 |
_2rdacarrier _aWolumin _bnc |
||
| 380 | _aKsiążki. | ||
| 380 | _aPublikacje naukowe. | ||
| 388 | _a1901-2000 | ||
| 388 | _a1945-1989 | ||
| 490 | 1 |
_aNowa Technika w Inżynierii Sanitarnej ; _v6 |
|
| 504 | _aBibliografia. | ||
| 650 | 4 | _aPył | |
| 658 | _aInżynieria i technika | ||
| 650 | 4 | _aWentylacja | |
| 650 | 4 | _aEmisja gazów i pyłów | |
| 700 |
_aSzymańska-Matosek, Joanna. _eRedakcja |
||
| 830 | 4 |
_aNowa Technika w Inżynierii Sanitarnej ; _v6. |
|
| 856 |
_uhttp://koha.tu.koszalin.pl/cgi-bin/koha/opac-detail.pl?biblionumber=9365 _yKatalog online BPK |
||
| 942 |
_cKS _2UKD |
||
| 999 |
_c9365 _d9365 |
||